Decline and fall

保存先:
書誌詳細
第一著者: Waugh, Evelyn
フォーマット: 図書
言語:English
出版事項: London David Campbell publishers 1993
シリーズ:Everymen's library
主題:
Anh
タグ: タグ追加
タグなし, このレコードへの初めてのタグを付けませんか!
Thư viện lưu trữ: Trung tâm Học liệu Lê Vũ Hùng, Trường Đại học Đồng Tháp
LEADER 00737pam a22002418a 4500
001 00025438
005 20171026081023.0
008 110804s1993 ||||||engsd
041 0 # |a eng 
082 1 4 |a 823  |b D200C 
100 1 # |a Waugh, Evelyn 
245 1 0 |a Decline and fall  |c Evelyn Waugh 
260 # # |a London  |b David Campbell publishers  |c 1993 
300 # # |a xxxv,185 p.  |c 21 cm. 
490 # # |a Everymen's library 
504 # # |a Includes bibliographical references (p. xx) 
650 # 4 |a Anh 
650 # 4 |a Tiểu thuyết 
650 # 4 |a Văn học hiện đại 
852 # # |b Kho đọc  |j KD.0008525 
852 # # |j KD.0008525 
910 |d 04/08/2011 
980 # # |a Trung tâm Học liệu Lê Vũ Hùng, Trường Đại học Đồng Tháp